[Event "38th ch-IND w Challengers"]
[Site "Chennai IND"]
[Date "2011.07.03"]
[Round "2"]
[White "Bindu,S"]
[Black "Divyasri,C"]
[Result "0-1"]
[WhiteElo "1897"]
[BlackElo "2123"]

1.d4 Nf6 2.c4 e6 3.g3 d5 4.Bg2 Be7 5.Nf3 c6 6.Qc2 O-O 7.O-O Nbd7 8.Nbd2 b5
9.b3 bxc4 10.bxc4 Bb7 11.Rb1 Qc8 12.Bb2 c5 13.dxc5 Nxc5 14.Ne5 dxc4 15.Bxb7 Qxb7
16.Nxf7 Qd5 17.Ne5 Rac8 18.Ndxc4 Nce4 19.Rfd1 Qa8 20.f3 Nd6 21.Qb3 Nxc4 22.Nxc4 Bc5+
23.Bd4 Qd5 24.e3 Qxf3 25.Bxc5 Rxc5 26.Nd2 Qc6 27.Qb7 Qxb7 28.Rxb7 Rd5 29.Rxa7 Rfd8
30.Rc1 Rxd2 31.Rc6 R2d6 32.Rc4 Rd1+ 33.Kg2 h6 34.a4 R8d2+ 35.Kh3 Rh1 36.g4 Rhxh2+
37.Kg3 Rhg2+ 38.Kh3 Rge2 39.Rc3 Ne4  0-1

[Event "Karvina Open"]
[Site "Karvina CZE"]
[Date "2011.07.03"]
[Round "2"]
[White "Rojicek,V"]
[Black "Neumann,J"]
[Result "1-0"]
[WhiteElo "2396"]
[BlackElo "2135"]

1.d4 Nf6 2.c4 e6 3.g3 d5 4.Nf3 Be7 5.Bg2 O-O 6.O-O dxc4 7.Qc2 b5 8.a4 b4
9.Ne5 Nd5 10.Nd2 c5 11.dxc5 Bxc5 12.Ndxc4 Bb7 13.e4 Nb6 14.Na5 Ba6 15.Qxc5 Bxf1
16.Bxf1 N8d7 17.Nxd7 Nxd7 18.Qxb4 Rb8 19.Qc3 Rc8 20.Nc6 Qe8 21.Ba6  1-0

[Event "9th Niki Open"]
[Site "Nachod CZE"]
[Date "2011.07.03"]
[Round "2.15"]
[White "Mojzis,Jar"]
[Black "Sedlacek,Ja"]
[Result "1-0"]
[WhiteElo "2194"]
[BlackElo "1959"]

1.d4 d5 2.Nf3 Nf6 3.c4 e6 4.g3 Be7 5.Bg2 O-O 6.O-O Nbd7 7.Qc2 c6 8.b3 b6
9.Nc3 Bb7 10.Rd1 Rc8 11.e4 dxe4 12.Nxe4 Nxe4 13.Qxe4 Qc7 14.Qe2 Rfe8 15.a3 Rcd8
16.b4 a5 17.bxa5 bxa5 18.c5 e5 19.Nxe5 Nxe5 20.Bf4 Bf6 21.dxe5 g5 22.exf6  1-0

[Event "39th World Open"]
[Site "Philadelphia USA"]
[Date "2011.07.03"]
[Round "6"]
[White "Mulyar,M"]
[Black "Plotkin,V"]
[Result "1-0"]
[WhiteElo "2399"]
[BlackElo "2245"]

1.d4 Nf6 2.c4 e6 3.g3 d5 4.Nf3 Be7 5.Bg2 O-O 6.O-O dxc4 7.Qc2 a6 8.Qxc4 b5
9.Qc2 Bb7 10.Bd2 Be4 11.Qc1 Qc8 12.Be3 Nbd7 13.Nbd2 Bd5 14.Nb3 Qb7 15.Bd2 b4
16.Bg5 Rac8 17.Bxf6 Nxf6 18.Nc5 Qb5 19.Qe3 Rfd8 20.Rfc1 a5 21.Ne5 Bxg2 22.Kxg2 Nd5
23.Qd3 Qxd3 24.Nexd3 Ra8 25.e3 Rd6 26.Rc2 f6 27.Rac1 Ra7 28.Ne4 Rd8 29.Nf4 Kf7
30.Rc6 Nxf4+ 31.gxf4 Rd7 32.Kf3 Bf8 33.Ke2 Be7 34.h3 Bf8 35.Nd2 Bd6 36.Nc4 Be7
37.Kf3 Rd5 38.Nd2 Rd7 39.Ke4 g6 40.Kf3 Bf8 41.Ne4 Be7 42.Ke2 Bf8 43.Kd3 Be7
44.Kc4 Rd5 45.Nc5 Bd6 46.Kd3 Rh5 47.Na6 Rxh3 48.Nxc7 Bxf4 49.Nxe6 g5 50.Ke2 Re7
51.d5 Be5 52.b3 g4 53.Rc8 Rxe6 54.dxe6+ Kxe6 55.R8c5 Rh2 56.Rxa5 h5 57.Rc6+ Kf5
58.Kf1 Rh1+ 59.Kg2 Rd1 60.f4 gxf3+ 61.Kxf3 h4 62.Rc2 h3 63.Rh2 Rf1+ 64.Ke2 Kg4
65.Rxh3 Rb1 66.Rh7 Rb2+ 67.Kd3 Kf3 68.Rf7 Bc3 69.Rxf6+ Bxf6 70.Rf5+ Kg4 71.Rxf6 Rxa2
72.Rf4+ Kg5 73.Rxb4 Kf5 74.Rd4 Ke5 75.b4 Ra3+ 76.Kc4 Rxe3 77.Rd8 Rh3 78.Kc5 Ke6
79.b5 Ke7 80.Rd4 Rc3+ 81.Kb6 Rc1 82.Kb7 Rc2 83.b6 Rc1 84.Kb8 Rb1 85.b7 Rb2
86.Ka7 Ra2+ 87.Kb6 Rb2+ 88.Ka6 Rb1 89.Rd5  1-0

[Event "38th ch-IND w Challengers"]
[Site "Chennai IND"]
[Date "2011.07.04"]
[Round "4"]
[White "Bindu,S"]
[Black "Manjula,R"]
[Result "1-0"]
[WhiteElo "1897"]
[BlackElo "1606"]

1.d4 Nf6 2.c4 e6 3.g3 d5 4.Bg2 Be7 5.Nf3 O-O 6.O-O Ne4 7.Nbd2 f5 8.Qc2 Nd7
9.b3 Ndf6 10.Nxe4 dxe4 11.Ne5 Qxd4 12.Bb2 Qd8 13.Rfd1 Qe8 14.f3 exf3 15.exf3 f4
16.g4 Nd7 17.Bf1 Nxe5 18.Bxe5 Bf6 19.Re1 Qc6 20.Bxf6 Rxf6 21.Kg2 Rh6 22.Qe4 Qxe4
23.Rxe4 Rf6 24.Rd1 g5 25.c5 c6 26.Bc4 b5 27.Be2 Rf8 28.Re5 Kf7 29.Rxg5 Kf6
30.Rh5 Rh8 31.Rd6 h6 32.Bd3 a6 33.Rxc6 Bd7 34.Rd6 Be8 35.g5+ Kg7 36.Rxh6 Rxh6
37.gxh6+ Kxh6 38.Rxe6+ Kh5 39.Rd6 Bf7 40.Bf5 Kg5 41.Be4 Ra7 42.c6 Ra8 43.c7 Rc8
44.Rd7 Be6 45.Rh7 Kf6 46.Bb7 Rg8+ 47.Kf2 Bf5 48.Rh5 Bd7 49.Rc5 Bc8 50.Bxc8 Rxc8
51.Ke2 Ke6 52.Kd3 Kd6 53.Kd4 Rxc7 54.Rxc7 Kxc7 55.Ke5 Kd7 56.h4 Kc6 57.h5 Kc5
58.a3 a5 59.h6 a4 60.bxa4 bxa4 61.h7 Kc4 62.h8=Q Kb3 63.Qf8 Kc2 64.Qxf4 Kb3
65.Qb4+ Kc2 66.Qxa4+ Kd2 67.Qb3 Ke2 68.f4 Kf2 69.f5 Ke2 70.f6 Kd2 71.f7 Ke2
72.f8=Q Ke1 73.Qb2 Kd1 74.Qf1+  1-0

[Event "TCh-TUR 2011"]
[Site "Konya TUR"]
[Date "2011.07.04"]
[Round "7"]
[White "Arduman,C"]
[Black "Sanikidze,T"]
[Result "0-1"]
[WhiteElo "2349"]
[BlackElo "2524"]

1.Nf3 Nf6 2.c4 e6 3.g3 d5 4.d4 Be7 5.Bg2 O-O 6.O-O dxc4 7.Qc2 a6 8.a4 Bd7
9.Qxc4 Bc6 10.Nc3 b5 11.Qd3 b4 12.Nb1 Be4 13.Qd1 c5 14.Nbd2 Bd5 15.dxc5 Nbd7
16.Nb3 Rc8 17.Ne1 Nxc5 18.Bxd5 Qxd5 19.Qxd5 Nxd5 20.Nxc5 Rxc5 21.Bd2 f5 22.Nd3 Rc2
23.Rfd1 b3 24.Rab1 Bf6 25.Kf1 Nb6 26.Bb4 Rfc8 27.Bc3 Nxa4 28.Bxf6 gxf6 29.f4 Nb6
30.Kf2 a5 31.Ra1 a4 32.Ra3 e5 33.fxe5 fxe5 34.Nxe5 Rxb2 35.Rd6 Nc4 36.Nxc4 Rxc4
37.Ra1 Re4 38.Kf3 Rc2 39.Rb6 b2 40.Ra2 b1=Q  0-1

[Event "86th ch-Paris IdF"]
[Site "Paris FRA"]
[Date "2011.07.04"]
[Round "3.1"]
[White "Sethuraman,S"]
[Black "Panchanathan,M"]
[Result "0-1"]
[WhiteElo "2529"]
[BlackElo "2556"]

1.d4 d5 2.c4 e6 3.Nf3 Nf6 4.g3 Be7 5.Bg2 O-O 6.O-O dxc4 7.Qc2 a6 8.Qxc4 b5
9.Qc2 Bb7 10.Bd2 Be4 11.Qc1 Nbd7 12.Ba5 Rc8 13.Nbd2 Ba8 14.a3 Bd6 15.Re1 Ne4
16.Nxe4 Bxe4 17.Qe3 Ba8 18.Ne5 Bxg2 19.Kxg2 Bxe5 20.dxe5 Nb6 21.Red1 Nc4
22.Qc5 Qg5 23.Bc3 h5 24.b3 Nb6 25.e4 f5 26.Qc6 Qg6 27.Bb4 fxe4 28.Bxf8 Rxf8
29.Rd4 e3 30.f3 h4 31.Qe4 Qxe4 32.fxe4 Rf2+ 33.Kh3 c5 34.Rd6 c4 35.Rxb6 e2
36.Re1 cxb3 37.a4 b2 38.axb5 a5 39.Rb8+ Kh7 40.b6 Rf1 41.Rb1 e1=Q  0-1

[Event "WCh-IPCA Open A"]
[Site "Piestany SVK"]
[Date "2011.07.04"]
[Round "3"]
[White "Mikheev,S"]
[Black "Yarmonov,I"]
[Result "1-0"]
[WhiteElo "2292"]
[BlackElo "2322"]

1.d4 d5 2.c4 e6 3.Nf3 Nf6 4.g3 Be7 5.Bg2 O-O 6.O-O Nbd7 7.Qc2 c6 8.b3 b6
9.Rd1 Bb7 10.Nc3 Rc8 11.e4 Nxe4 12.Nxe4 dxe4 13.Qxe4 Nf6 14.Qc2 Bd6 15.c5 Bb8
16.Bg5 h6 17.Bc1 Qe7 18.Bb2 Nd5 19.a3 b5 20.Re1 Rce8 21.Rad1 Bc7 22.Bc1 a5
23.Bd2 Rd8 24.Ne5 Rfe8 25.Bf3 Ra8 26.Kg2 Red8 27.Ra1 a4 28.b4 Qf8 29.Rad1 Qe7
30.Bc1 Qf8 31.Bh5 Bxe5 32.dxe5 Bc8 33.Rd4 Ne7 34.Rxd8 Qxd8 35.Rd1 Qc7 36.Qe4 Nd5
37.Rd3 Ra7 38.Bd1 Qe7 39.Bc2 f5 40.exf6 Nxf6 41.Qg6 Qe8 42.Qxe8+ Nxe8 43.Rd8 Bd7
44.Bg6 Kf8 45.Bb2 Ke7 46.Rb8 Rc7 47.Kf3 Rc8 48.Rxc8 Bxc8 49.Bxe8 Kxe8 50.Bxg7 h5
51.Kf4 Kf7 52.Bc3 e5+ 53.Kxe5 Be6 54.f4 Bh3 55.f5 Bg4 56.Kf4 Bh3 57.Kg5 Bg4
58.Kf4 Bh3 59.Ke5 Ke7 60.Bd2 Bg2 61.Bg5+ Kd7 62.Kf6 Be4 63.Bf4 Ke8 64.Bd6 Bg2
65.Kg6 Be4 66.h3  1-0

[Event "e2e4 ch-IRL"]
[Site "Dublin IRL"]
[Date "2011.07.05"]
[Round "4"]
[White "Freeman,G"]
[Black "Fox,An"]
[Result "1/2-1/2"]
[WhiteElo "2179"]
[BlackElo "2087"]

1.d4 d5 2.Nf3 Nf6 3.c4 e6 4.g3 Be7 5.Bg2 O-O 6.O-O dxc4 7.Ne5 Nc6 8.Bxc6 bxc6
9.Nxc6 Qe8 10.Nxe7+ Qxe7 11.Qa4 e5 12.dxe5 Qxe5 13.Qxc4 Be6 14.Qc2 Bf5 15.Qd2 Bh3
16.Re1 Rad8 17.Qe3 Qh5 18.f3 Rfe8 19.Qf2 Qa5 20.Nc3 h5 21.e4 Be6 22.Be3 Nd7
23.Red1 Ne5 24.Bd4 Nc6 25.Bc5 Nb4 26.Bxb4 Qxb4 27.Qc2 Rd4 28.Rxd4 Qxd4+ 29.Kg2 Qc5
30.Qd2 Rb8 31.Rd1 Qb4 32.b3 a5 33.Nd5 Bxd5 34.Qxb4 axb4 35.Rxd5 Ra8 36.Rd2 Kf8
37.Kf2 Ke7 38.Ke2 Ra6 39.Kd3 Rd6+ 40.Kc2 Rc6+ 41.Kd1 Ra6 42.Ke2 g6 43.Ke3 Rc6
44.Kf4 Rf6+ 45.Ke3 Rc6 46.h4 Ke6 47.Kf4 f6 48.Rd4 Rc2 49.Rxb4 Rxa2 50.Rc4 Kd6
51.Rc3 Rb2 52.Rd3+ Ke6 53.Rc3 Kd6 54.Rd3+ Ke6 55.Ke3 Rg2 56.Kf4 Rb2  1/2-1/2

[Event "TCh-TUR 2nd League 2011"]
[Site "Konya TUR"]
[Date "2011.07.06"]
[Round "4"]
[White "Unver,C"]
[Black "Metin,M"]
[Result "0-1"]
[WhiteElo "2016"]
[BlackElo "2166"]

1.d4 Nf6 2.c4 e6 3.g3 d5 4.Bg2 Be7 5.Nf3 O-O 6.O-O dxc4 7.Na3 Bxa3 8.bxa3 Nc6
9.Bb2 Rb8 10.Qc2 b5 11.e4 Ne7 12.Rad1 Bb7 13.Rfe1 Ng6 14.h4 Re8 15.Nh2 Qe7
16.f4 c5 17.Nf3 cxd4 18.Nxd4 Qc5 19.Kh1 Rbd8 20.Bf3 Ne7 21.Kg2 Nc6 22.Nxc6 Bxc6
23.g4 Rxd1 24.Qxd1 c3 25.Qc2 Rc8 26.Qxc3 Qxc3 27.Bxc3 Bxe4 28.Bxf6 Bxf3+
29.Kxf3 gxf6 30.Re3 Rc2 31.a4 bxa4 32.Ra3 Rc4 33.Rd3 Kg7 34.h5 e5 35.fxe5 fxe5
36.Rd5 Kf6 37.Ra5 Rc3+ 38.Ke4 Ra3 39.Ra6+ Kg5 40.Rxa7 Rxa2 41.Rxf7 a3 42.Kf3 Ra1
43.Kg2 a2 44.Ra7 Kxg4 45.Ra5 h6 46.Kh2 Kf3  0-1

[Event "TCh-TUR 2011"]
[Site "Konya TUR"]
[Date "2011.07.06"]
[Round "10"]
[White "Koksal,E"]
[Black "Ererdem,G"]
[Result "0-1"]
[WhiteElo "2004"]
[BlackElo "1996"]

1.d4 Nf6 2.c4 e6 3.g3 d5 4.Bg2 Be7 5.Nf3 O-O 6.O-O dxc4 7.Qa4 a6 8.Qxc4 b5
9.Qc2 Bb7 10.Nbd2 Nbd7 11.Nb3 Be4 12.Qd1 Nb6 13.Nc5 Bxc5 14.dxc5 Na4 15.b4 Qxd1
16.Rxd1 Nd5 17.Rd4 Nac3 18.Kf1 f6 19.Bb2 Rad8 20.Bxc3 Nxc3 21.Rc1 Bxf3 22.Rxd8 Rxd8
23.Bxf3 Nxa2 24.Rb1 Rd4 25.Bb7 Nxb4 26.Ra1 Rc4 27.c6 Nxc6 28.Rxa6 Nd4 29.e3 Rc1+
30.Kg2 Nf5 31.Rxe6 Nd6 32.Bd5 Kf8 33.e4 Rd1 34.f4 b4 35.Kf2 Rd2+ 36.Ke3 Rxh2
37.Bc6 b3 38.e5 fxe5 39.fxe5 b2 40.exd6 b1=Q 41.d7 Qb3+ 42.Kf4 Rf2+  0-1

[Event "10th La Fere Open"]
[Site "La Fere FRA"]
[Date "2011.07.07"]
[Round "7.3"]
[White "Lazarev,V"]
[Black "Schroeder,Ja"]
[Result "1/2-1/2"]
[WhiteElo "2445"]
[BlackElo "2164"]

1.c4 e6 2.Nf3 d5 3.g3 Nf6 4.Bg2 Be7 5.d4 O-O 6.Qc2 dxc4 7.Nbd2 Nc6 8.Qxc4 Qd6
9.O-O e5 10.dxe5 Nxe5 11.Nxe5 Qxe5 12.Nf3 Qc5 13.Qxc5 Bxc5 14.Bf4 c6 15.Rac1 Bb6
16.Ne5 Re8 17.Bf3 Be6 18.Nc4 Bd5 19.Nd6 Re7 20.b3 Bxf3 21.exf3 Nd5 22.Bd2 Rd8
23.Nc4 f6 24.Rfe1 Bd4 25.Kf1 Rxe1+ 26.Bxe1 Kf7 27.Na5 Rd7 28.b4 Ke6 29.Nb3 Bb6  1/2-1/2

[Event "Lev Polugaevsky Mem"]
[Site "Samara RUS"]
[Date "2011.07.07"]
[Round "3"]
[White "Afanasiev,D2"]
[Black "Litvinov,Maxim"]
[Result "1-0"]
[WhiteElo "2047"]
[BlackElo "1753"]

1.d4 d5 2.Nf3 Nf6 3.c4 e6 4.g3 Be7 5.Bg2 O-O 6.O-O Nbd7 7.b3 b6 8.Bb2 Bb7
9.Nc3 c5 10.cxd5 Nxd5 11.Qd2 Bf6 12.Ne4 Be7 13.Rfd1 N7f6 14.Nxf6+ Nxf6 15.Qf4 Qd6
16.Qg5 h6 17.Qe3 Rad8 18.Ba3 Qc7 19.dxc5 Bxc5 20.Bxc5 Qxc5 21.Qxc5 bxc5 22.Rdc1 Rc8
23.Ne5 Bd5 24.Rc3 Rc7 25.Rac1 Rfc8 26.f3 Bb7 27.e4 Ba6 28.Bf1 Bxf1 29.Kxf1 Nd7
30.Nxd7 Rxd7 31.Ke2 Rdc7 32.Rc4 a5 33.a3 Kf8 34.b4 axb4 35.axb4 Rb8 36.Kd3 Rcb7
37.bxc5 Rc7 38.e5 Rbc8 39.c6 Ke7 40.Ke4 f6 41.g4 Rb8 42.Kd4 Rb5 43.f4 Rb2
44.Kc5 fxe5 45.fxe5 Rb3 46.Ra1 Rb8 47.Ra6 Rbb7 48.Rb4 Rxb4 49.Kxb4  1-0

[Event "XXXIV Open"]
[Site "Barbera del Valles ESP"]
[Date "2011.07.08"]
[Round "5"]
[White "Iturrizaga,E"]
[Black "Hernandez Carmenates,Hold"]
[Result "1/2-1/2"]
[WhiteElo "2603"]
[BlackElo "2570"]

1.d4 Nf6 2.c4 e6 3.g3 d5 4.Nf3 Be7 5.Bg2 O-O 6.O-O dxc4 7.Qc2 b5 8.a4 b4
9.Nbd2 Bb7 10.Rd1 a5 11.Nxc4 Be4 12.Qb3 Qd5 13.Ne1 Bxg2 14.Nxg2 Nbd7 15.Nf4 Qb7
16.Nd3 Rfc8 17.Bf4 h6 18.Rac1 Qe4 19.f3 Qxd4+ 20.Be3 Qd5 21.Nde5 Nc5 22.Qc2 Qb7
23.Nxf7 Kxf7 24.Ne5+ Kg8 25.Bxc5 Bd6 26.Nd3 Re8 27.e4 Nd7 28.Bxd6 cxd6 29.Qc6 Qb6+
30.Kg2 Rad8 31.Qxb6 Nxb6 32.b3 d5 33.Ne5 Rc8 34.Nc6 Nc4 35.bxc4 Rxc6 36.exd5 exd5
37.Rxd5 Re2+ 38.Kh3 b3 39.Rb1 b2 40.c5 Rc2 41.Rd8+ Kf7 42.Rd7+ Kf6 43.Rb7 R6xc5
44.R1xb2 Rxb2 45.Rxb2 Rc4 46.Ra2 h5 47.f4 g5  1/2-1/2

[Event "TCh-TUR 2nd League 2011"]
[Site "Konya TUR"]
[Date "2011.07.08"]
[Round "6"]
[White "Ikis,Melih Firat"]
[Black "Tasdelen,D"]
[Result "1/2-1/2"]
[WhiteElo "1866"]
[BlackElo "2069"]

1.c4 Nf6 2.d4 e6 3.Nf3 d5 4.g3 Be7 5.Bg2 O-O 6.O-O Na6 7.Nc3 Bd7 8.Bg5 c6
9.Rc1 Rc8 10.c5 b6 11.Qa4 Nc7 12.b4 Ra8 13.Qc2 h6 14.Bf4 b5 15.Ne5 a5 16.a3 Be8
17.f3 g5 18.Be3 Ra6 19.Bf2 Nd7 20.Nd3 f5 21.e4 fxe4 22.fxe4 Bg6 23.Rfe1 Bf6
24.e5 Be7 25.Qd2 Kg7 26.Be3 Rh8 27.Nf2 axb4 28.axb4 Ra3 29.Qb2 Qa8 30.Ra1 Rxa1
31.Rxa1 Qb7 32.Bf1 Rf8 33.Be2 Ra8 34.Bd3 Bh5 35.Rxa8 Qxa8 36.Be2 Bg6 37.Bd3 Bh5
38.Be2  1/2-1/2

[Event "10th Condom GM"]
[Site "Condom FRA"]
[Date "2011.07.09"]
[Round "1"]
[White "Cossin,S"]
[Black "Barsov,A"]
[Result "1-0"]
[WhiteElo "2502"]
[BlackElo "2534"]

1.d4 d5 2.c4 e6 3.Nf3 Nf6 4.g3 Be7 5.Bg2 O-O 6.O-O dxc4 7.Qc2 a6 8.a4 Bd7
9.Qxc4 Bc6 10.Bf4 a5 11.Nc3 Na6 12.Rad1 Nb4 13.Ne5 Bxg2 14.Kxg2 c6 15.e4 Qb6
16.Qe2 Qa6 17.Nc4 Rac8 18.h4 Rfd8 19.Bg5 h6 20.Bc1 Rc7 21.e5 Nfd5 22.Ne4 Nb6
23.b3 Nxc4 24.bxc4 c5 25.dxc5 Rcd7 26.Rd6 Nc6 27.Bf4 Bxd6 28.cxd6 Nd4 29.Qg4 Kh8
30.Bxh6 f5 31.Qh5 Qc6 32.f3 fxe4 33.Be3+ Kg8 34.Bxd4 Qxc4 35.Bb6 Qe2+ 36.Rf2 exf3+
37.Qxf3 Qxf3+ 38.Rxf3 Rc8 39.Bxa5 Ra8 40.Bc7 Rxa4 41.Rb3 Re4 42.Rb5 Rf7 43.Bd8 Re2+
44.Kh3 Rd7 45.Be7 Re4 46.h5 Kf7 47.g4 b6 48.Kg3 Ra7 49.Bg5 Ra3+ 50.Kh4 Ke8
51.Rxb6 Raa4 52.Rb8+ Kd7 53.Rb7+ Kc6 54.Rc7+ Kb6 55.d7 Rxg4+ 56.Kh3  1-0

[Event "TCh-TUR 2011"]
[Site "Konya TUR"]
[Date "2011.07.09"]
[Round "13"]
[White "Citak,S"]
[Black "Sirin,A"]
[Result "1-0"]
[WhiteElo "2356"]
[BlackElo "2230"]

1.d4 d5 2.Nf3 Nf6 3.c4 e6 4.g3 Be7 5.Bg2 O-O 6.O-O dxc4 7.Qc2 a6 8.a4 Bd7
9.Qxc4 Bc6 10.Bg5 a5 11.Nc3 Na6 12.Bxf6 Bxf6 13.e4 Nb4 14.Rfd1 b6 15.Rac1 Bb7
16.h4 Ba6 17.Qb3 Nd3 18.Rc2 Bxd4 19.Nxd4 Qxd4 20.Nb5 Qb4 21.Rxd3 Qe1+ 22.Kh2 c5
23.Re3 Qd1 24.Nc7 b5 25.axb5  1-0

[Event "Oberwart Open"]
[Site "Oberwart AUT"]
[Date "2011.07.09"]
[Round "1.18"]
[White "Freitag,Ma"]
[Black "Smideliusz,M"]
[Result "1-0"]
[WhiteElo "2384"]
[BlackElo "2044"]

1.d4 Nf6 2.c4 e6 3.g3 d5 4.Bg2 Be7 5.Nf3 O-O 6.O-O dxc4 7.Qc2 a6 8.Qxc4 b5
9.Qc2 Bb7 10.Bd2 Be4 11.Qc1 Qc8 12.Nc3 Bb7 13.Bg5 c5 14.dxc5 Qxc5 15.Bxf6 Bxf6
16.Ne4 Qe7 17.Nxf6+ Qxf6 18.Qc7 Be4 19.Ne5 Bxg2 20.Kxg2 Qd8 21.Qxd8 Rxd8
22.Rfd1 Re8 23.Rac1 Ra7 24.Rd6 a5 25.Rb6 b4 26.Rc5 Kf8 27.Rcb5 f6 28.Rxb8 fxe5
29.Rxe8+ Kxe8 30.Kf3 Ke7 31.b3 Kf6 32.Ke4 Ra6 33.h4 g6 34.Rxe5 h6 35.f4 h5
36.Rb5  1-0

[Event "ch-Central Serbia Int Open A"]
[Site "Paracin SRB"]
[Date "2011.07.09"]
[Round "2.31"]
[White "Damljanovic,B"]
[Black "Prijovic,B"]
[Result "1-0"]
[WhiteElo "2611"]
[BlackElo "1957"]

1.d4 d5 2.c4 e6 3.Nf3 Nf6 4.g3 Be7 5.Bg2 O-O 6.O-O c6 7.Qc2 Nbd7 8.Rd1 Re8
9.b3 Nf8 10.Nc3 Ng6 11.Bg5 Nd7 12.h4 Bxg5 13.Nxg5 h6 14.Nf3 Nf6 15.e4 Nxe4
16.Nxe4 dxe4 17.Qxe4 Qe7 18.Ne5 Nxe5 19.dxe5 Bd7 20.Rd6 f5 21.Qd4 Bc8 22.Rd1 Qc7
23.c5 a5 24.Bf3 g6 25.g4 Kh7 26.Kg2 Rg8 27.g5 h5 28.Kg3 Re8 29.Kf4 Kg7 30.Rd8 Rxd8
31.Qxd8 Qxd8 32.Rxd8 Kf7 33.Ke3 Kg7 34.Kd4 Kf7 35.Kc3 Kg7 36.a4 Kf7 37.b4 axb4+
38.Kxb4 Ke7 39.Rh8 Kf7 40.a5 Rb8 41.Bd1 Kg7 42.Rd8 Kf7 43.Ba4 Ke7 44.Rh8 Kf7
45.a6 bxa6+ 46.Ka3 Kg7 47.Rd8 Kf7 48.Bxc6 Ke7 49.Rh8 a5 50.Ba4 Ra8 51.c6  1-0

[Event "Faustino Paniagua Memorial"]
[Site "Asuncion URU"]
[Date "2011.07.10"]
[Round "3.3"]
[White "Latorre,Mat"]
[Black "Valiente,C"]
[Result "1/2-1/2"]
[WhiteElo "2258"]
[BlackElo "2262"]

1.d4 d5 2.c4 e6 3.Nf3 Nf6 4.g3 Be7 5.Bg2 O-O 6.O-O c6 7.Qc2 Nbd7 8.Nbd2 b6
9.e4 Bb7 10.cxd5 cxd5 11.e5 Ne8 12.Re1 g6 13.Bf1 Ng7 14.Bd3 Rc8 15.Qb3 Nb8
16.Nf1 Nc6 17.Bd2 f6 18.Bb5 fxe5 19.Bxc6 Rxf3 20.Qxf3 Bxc6 21.Rxe5 Bf6 22.Qe2 Nf5
23.Bc3 Bxe5 24.Qxe5 Qd6 25.Qe2 Re8 26.Re1 Qd8 27.Qe5 Qd6 28.Qe2 Qd8 29.Qe5 Qd6
30.Qf6 Qe7 31.Qxe7 Rxe7 32.Nd2 Re8 33.Nf3 Nd6 34.Bb4 Nf7 35.Bd2 Bd7 36.Rc1 Rc8
37.Rxc8+ Bxc8 38.Bf4 Kg7 39.h4 Kf6 40.Kf1 Kf5 41.Bb8 Ke4 42.Kg2 a6 43.a4 Kd3
44.Ba7 Bd7 45.Bxb6 Bxa4 46.Ne1+ Kd2 47.Nf3+  1/2-1/2

[Event "Pinnacle 48th COCC"]
[Site "Toronto CAN"]
[Date "2011.07.10"]
[Round "2"]
[White "Cheng,Bi"]
[Black "Sohal,T"]
[Result "1-0"]
[WhiteElo "2385"]
[BlackElo "2032"]

1.d4 Nf6 2.Nf3 d5 3.c4 e6 4.g3 Be7 5.Bg2 O-O 6.O-O b6 7.Nc3 Bb7 8.Ne5 c6
9.e4 dxe4 10.Nxe4 h6 11.Nxf6+ Bxf6 12.Qg4 Bg5 13.h4 Bxc1 14.Raxc1 Qc7 15.Qf3 Qe7
16.Rfd1 Rc8 17.c5 b5 18.a4 a6 19.Qc3 Nd7 20.Qa5 Nxe5 21.dxe5 Qc7 22.Qxc7 Rxc7
23.axb5 axb5 24.Ra1 Rxa1 25.Rxa1 Rd7 26.Kf1 Kf8 27.Ke2 Ke7 28.Ke3 Kd8 29.h5 Kc7
30.g4 Rd8 31.Be4 Ra8 32.Rxa8 Bxa8 33.f4 Kd7 34.g5 Ke7 35.Kd4 Bb7 36.Kc3 Kd7
37.Kb4 Bc8 38.Ka5 Kc7 39.Bg6 Bd7 40.Bxf7 Bc8 41.Kb4 Kd7 42.Bg6 Kc7 43.Be8 Bb7
44.Ka5 Bc8 45.Bf7 Bd7 46.gxh6 gxh6 47.f5 exf5 48.e6 f4 49.exd7 f3 50.Be6 f2
51.Bh3  1-0

[Event "Open ch-SVK A"]
[Site "Banska Stiavnica SVK"]
[Date "2011.07.11"]
[Round "3"]
[White "Zaskalski,A"]
[Black "Dvoranova,M"]
[Result "1-0"]
[WhiteElo "2214"]
[BlackElo "2038"]

1.Nf3 d5 2.c4 e6 3.g3 Nf6 4.Bg2 Be7 5.d4 O-O 6.O-O dxc4 7.Qa4 a6 8.Qxc4 b5
9.Qc2 Bb7 10.Bd2 Be4 11.Qc1 Bb7 12.Rd1 Nbd7 13.Ba5 Bd6 14.Ne5 Bxg2 15.Kxg2 Qc8
16.Nc6 Qb7 17.f3 e5 18.Nd2 Rfe8 19.e4 exd4 20.Nb3 Ne5 21.Nbxd4 Nfd7 22.Nxe5 Bxe5
23.Nf5 Nb6 24.Bc3 Nc4 25.b3 Bxc3 26.Qxc3 Ne5 27.Rac1 g6 28.Ne3 c6 29.f4 Nd7
30.Ng4 c5 31.Rxd7 Qxe4+ 32.Kg1 Re6 33.Nh6+  1-0

[Event "118th ch-SCO"]
[Site "Edinburgh SCO"]
[Date "2011.07.11"]
[Round "3"]
[White "Dempsey,T"]
[Black "Way,Julian M"]
[Result "1/2-1/2"]
[WhiteElo "2201"]
[BlackElo "1878"]

1.c4 e6 2.Nf3 d5 3.d4 Nf6 4.g3 Be7 5.Bg2 O-O 6.Qc2 c6 7.Nbd2 b6 8.O-O Bb7
9.e4 Nbd7 10.Re1 Rc8 11.e5 Ne8 12.cxd5 cxd5 13.Qa4 Qc7 14.Nf1 Qc6 15.Qb3 Qc4
16.Qe3 Ba6 17.Bd2 Qd3 18.Rac1 Qxe3 19.Nxe3 Nc7 20.Nc2 Bb7 21.Bb4 Bxb4 22.Nxb4 Na6
23.Nd3 Rxc1 24.Rxc1 Rc8 25.Rxc8+ Bxc8 26.Kf1 Kf8 27.Ke2 Ke7 28.Kd2 Ndb8 29.Kc3 Bd7
30.Nf4 Nc7 31.Bf1 Bb5 32.Bd3 Bxd3 33.Kxd3 Nc6 34.a3 f6 35.exf6+ gxf6 36.Ne2 Nb5
37.Nc3 Nxc3 38.Kxc3 Kd6 39.b4  1/2-1/2

[Event "St Pauli Open"]
[Site "Hamburg GER"]
[Date "2011.07.11"]
[Round "4.1"]
[White "Stigar,P"]
[Black "Svane,R"]
[Result "1/2-1/2"]
[WhiteElo "2298"]
[BlackElo "2346"]

1.Nf3 d5 2.d4 Nf6 3.c4 e6 4.g3 Be7 5.Bg2 O-O 6.O-O dxc4 7.Qa4 a6 8.Qxc4 b5
9.Qc2 Bb7 10.Bg5 Nbd7 11.Bxf6 Nxf6 12.Nbd2 Rc8 13.Nb3 Be4 14.Qc3 Nd5 15.Qa5 Bb4
16.Qxa6 c6  1/2-1/2

[Event "Oberwart Open"]
[Site "Oberwart AUT"]
[Date "2011.07.11"]
[Round "3"]
[White "Koller,Hans-Juergen"]
[Black "Pergel,L"]
[Result "0-1"]
[WhiteElo "2088"]
[BlackElo "2258"]

1.d4 Nf6 2.c4 e6 3.g3 d5 4.Bg2 Be7 5.Nf3 O-O 6.O-O c6 7.Qc2 Nbd7 8.Nbd2 b6
9.e4 Bb7 10.e5 Ne8 11.cxd5 cxd5 12.Re1 Rc8 13.Qd1 b5 14.Nf1 Nb6 15.b3 b4
16.h4 Nc7 17.N1h2 Nb5 18.Ng5 g6 19.Nh3 Ba6 20.Bh6 Re8 21.Ng5 Qc7 22.Ng4 Qc2
23.Bf1 Qxd1 24.Rexd1 Nd7 25.Rac1 Nb8 26.Bxb5 Bxb5 27.Nf6+ Bxf6 28.exf6 Nd7
29.Bg7 Rc3 30.h5 gxh5 31.Rxc3 bxc3 32.Kg2 c2 33.Rc1 Bd3 34.Kf3 h6 35.Nh3 e5
36.Ke3 Bf5 37.Ng1 Kh7 38.Nf3 exd4+ 39.Kxd4 Bg4 40.Nh4 Bd1 41.Nf5 Re2 42.f4 Rd2+
43.Ke3 Rg2 44.Kd4 h4 45.gxh4 Rf2 46.Bxh6 Kg6 47.Ne7+ Kxh6 48.Nxd5 Rd2+ 49.Kc4 Be2+  0-1

[Event "Lev Polugaevsky Mem"]
[Site "Samara RUS"]
[Date "2011.07.11"]
[Round "7"]
[White "Faizrakhmanov,Ramil"]
[Black "Musalov,R"]
[Result "1/2-1/2"]
[WhiteElo "2141"]
[BlackElo "2399"]

1.d4 d5 2.c4 e6 3.Nf3 Nf6 4.g3 Be7 5.Bg2 O-O 6.O-O c5 7.cxd5 exd5 8.Nc3 c4
9.Bg5 Be6 10.Ne5 h6 11.Bxf6 Bxf6 12.e4 dxe4 13.Nxe4 Nd7 14.Nxd7 Bxd7 15.Nxf6+ Qxf6
16.Qf3 Qxf3 17.Bxf3 Rab8 18.Rac1 b5 19.b3 Rfc8 20.Rc3 a5 21.bxc4 Rxc4 22.Rxc4 bxc4
23.Rc1 Rb2 24.Kg2 Rxa2 25.Rxc4 Rd2 26.Bd5 Kf8 27.Kf3 a4 28.Ke3 Rb2 29.Bc6 Bxc6
30.Rxc6 a3 31.Ra6 a2 32.h4 Ke7 33.f4 h5 34.Ke4 Kd7 35.Kd5 Kc7 36.Ra3 Rc2
37.Ra8 Kb7 38.Ra3 Re2 39.f5 Kc7 40.Ra8 Kb7 41.Ra3 Kc7 42.Ra8 Rf2 43.Kc5 Rxf5+
44.d5 Rf2 45.Ra7+ Kb8 46.Ra3 Kc7 47.Ra7+ Kb8 48.Ra3 f6 49.Kd6 g5 50.Ke6 gxh4
51.gxh4 f5 52.d6 f4 53.d7 Re2+ 54.Kd6 Rd2+ 55.Ke7 Re2+  1/2-1/2

[Event "Lev Polugaevsky Mem"]
[Site "Samara RUS"]
[Date "2011.07.11"]
[Round "7"]
[White "Zenzera,A"]
[Black "Ziatdinov,R"]
[Result "1-0"]
[WhiteElo "2236"]
[BlackElo "2413"]

1.d4 d5 2.Nf3 Nf6 3.c4 e6 4.g3 Be7 5.Bg2 O-O 6.O-O c6 7.Qc2 b6 8.Nbd2 Bb7
9.e4 a5 10.Rd1 Na6 11.b3 Rc8 12.Bb2 Rc7 13.a3 Qa8 14.e5 Nd7 15.cxd5 cxd5
16.Qd3 Rfc8 17.Rac1 Rxc1 18.Rxc1 Rxc1+ 19.Bxc1 Qc8 20.Bb2 Qc6 21.Ne1 Nc7
22.Qc2 f6 23.exf6 Bxf6 24.Qxc6 Bxc6 25.Nef3 a4 26.Bf1 axb3 27.Nxb3 Be7 28.Ne5 Nxe5
29.dxe5 Ba4 30.Nd4 Bc5 31.Bd3 h6 32.Kg2 Kf7 33.f4 Bd1 34.h3 Ke7 35.g4 Ba4
36.f5 Bd7 37.f6+ Kf7 38.Nf3 Be3 39.h4 Bb5 40.Bc2 Be2 41.g5 hxg5 42.Nxg5+ Bxg5
43.hxg5 g6 44.Kf2 Bc4 45.Ke3 Na6 46.Bd4 b5 47.Kd2 Bf1 48.Kc3 Bc4 49.Ba7 Bf1
50.Kd4 Bc4 51.Bb1 Bf1 52.Bb6 Bc4 53.Ba5 Bf1 54.Bc2 Bc4 55.Bb4 Bf1 56.Bd6 Bc4
57.Bd3 Bxd3 58.Kxd3 Ke8 59.Kc3 Kf7 60.Kb3 Ke8 61.a4 b4 62.a5 Kf7 63.Bxb4 Nb8
64.Bd6 Nc6 65.a6  1-0

[Event "Pinnacle 48th COCC"]
[Site "Toronto CAN"]
[Date "2011.07.11"]
[Round "3"]
[White "Sohal,T"]
[Black "Grecu,V"]
[Result "1-0"]
[WhiteElo "2032"]
[BlackElo "1900"]

1.d4 d5 2.c4 e6 3.Nf3 Nf6 4.g3 Be7 5.Bg2 Nbd7 6.O-O O-O 7.b3 b6 8.Bb2 Ba6
9.Ne5 Bb7 10.e3 Rb8 11.Nd2 Nxe5 12.dxe5 Nd7 13.cxd5 Bxd5 14.Bxd5 exd5 15.f4 f5
16.g4 Bc5 17.Bd4 Qe7 18.g5 Bxd4 19.exd4 c5 20.Nf3 Rfd8 21.dxc5 Qxc5+ 22.Kg2 Nf8
23.Nd4 Rbc8 24.Qd2 g6 25.Rac1 Qa3 26.Nb5 Qe7 27.Nd6 Rxd6 28.Rxc8 Rd7 29.Re1 Kg7
30.e6 Nxe6 31.Rc6 Rd6 32.Qb4 Nxf4+ 33.Qxf4  1-0

[Event "21st Heart of Finland"]
[Site "Jyvaskyla FIN"]
[Date "2011.07.12"]
[Round "3"]
[White "Koivusalo,V"]
[Black "Kiuttu,R"]
[Result "0-1"]
[WhiteElo "1926"]
[BlackElo "2283"]

1.d4 d5 2.c4 e6 3.Nf3 Nf6 4.g3 Be7 5.Bg2 O-O 6.O-O dxc4 7.Qc2 a6 8.a4 Bd7
9.Qxc4 Bc6 10.Ne5 Bxg2 11.Kxg2 Nbd7 12.Bf4 Nd5 13.Nc3 Nxf4+ 14.gxf4 c5 15.dxc5 Nxe5
16.fxe5 Qc7 17.f4 Qxc5 18.Qxc5 Bxc5 19.Ne4 Bb4 20.Rac1 b5 21.b3 bxa4 22.bxa4 Rfc8
23.Kf3 Kf8 24.Nd6 Rd8 25.Rfd1 Rd7 26.Rc4 a5 27.Rd3 Rad8 28.Rc8 Ke7 29.Rxd8 Rxd8
30.Nb5 Rc8 31.Na7 Rc7 32.Nb5 Rc1 33.Na7 f6 34.exf6+ Kxf6 35.e3 Rc7 36.Nb5 Rc2
37.Rd7 Rxh2 38.Nc7 Bf8 39.Ne8+ Kg6 40.Ra7 Rh3+ 41.Kg4 Rxe3 42.Rxa5 Rc3 43.Ra7 h5+
44.Kh4 Bc5 45.Rxg7+ Kh6  0-1